Antología poética / (Registro nro. 14785)
[ vista simple ]
| 000 -LEADER | |
|---|---|
| fixed length control field | 00928nam a2200289 a 4500 |
| 001 - CONTROL NUMBER | |
| control field | |
| 003 - CONTROL NUMBER IDENTIFIER | |
| control field | DO-SdBNP |
| 005 - DATE AND TIME OF LATEST TRANSACTION | |
| control field | 20240828131535.0 |
| 008 - FIXED-LENGTH DATA ELEMENTS--GENERAL INFORMATION | |
| fixed length control field | 091001s2007 mx a r 000 0 spa d |
| 020 ## - INTERNATIONAL STANDARD BOOK NUMBER | |
| International Standard Book Number | 9789681677056 |
| 040 ## - CATALOGING SOURCE | |
| Original cataloging agency | DO-SdBNP |
| Language of cataloging | spa |
| Transcribing agency | BPMSU |
| 082 #4 - DEWEY DECIMAL CLASSIFICATION NUMBER | |
| Classification number | M861.6 |
| Item number | P792a 2007 |
| Edition number | 22 |
| 100 1# - MAIN ENTRY--PERSONAL NAME | |
| Personal name | Ponce, Manuel |
| Dates associated with a name | 1913- |
| 245 10 - TITLE STATEMENT | |
| Title | Antología poética / |
| Statement of responsibility, etc. | Manuel Ponce ; selección y prólogo Gabriel Zaid. |
| 260 ## - PUBLICATION, DISTRIBUTION, ETC. (IMPRINT) | |
| Place of publication, distribution, etc. | México: |
| Name of publisher, distributor, etc. | Fondo de Cultura Económica, |
| Date of publication, distribution, etc. | 2007 |
| 300 ## - PHYSICAL DESCRIPTION | |
| Extent | 118 p. : |
| Other physical details | il. ; |
| Dimensions | 23 cm. |
| 490 0# - SERIES STATEMENT | |
| Series statement | Letras mexicanas ; |
| -- | Poesía |
| 590 ## - LOCAL NOTE (RLIN) | |
| Local note | Inventariado, 2024/VM |
| 600 14 - SUBJECT ADDED ENTRY--PERSONAL NAME | |
| Personal name | Jesucristo |
| Form subdivision | Poesías. |
| 650 #4 - SUBJECT ADDED ENTRY--TOPICAL TERM | |
| Topical term or geographic name as entry element | Poesía mexicana |
| 650 #4 - SUBJECT ADDED ENTRY--TOPICAL TERM | |
| Topical term or geographic name as entry element | Semana Santa |
| Form subdivision | Poesías. |
| 650 #4 - SUBJECT ADDED ENTRY--TOPICAL TERM | |
| Topical term or geographic name as entry element | Literatura mexicana |
| 700 1# - ADDED ENTRY--PERSONAL NAME | |
| Personal name | Zaid, Gabriel, |
| Dates associated with a name | 1934- |
| Relator term | compilador |
| 710 2# - ADDED ENTRY--CORPORATE NAME | |
| Corporate name or jurisdiction name as entry element | Fondo de Cultura Económica (México) |
| 910 ## - USER-OPTION DATA (OCLC) | |
| User-option data | VMateo V. Cotrol de calidad. BPMSU |
| 942 ## - ADDED ENTRY ELEMENTS (KOHA) | |
| Source of classification or shelving scheme | Dewey Decimal Classification |
| Koha item type | Libros |
| Withdrawn status | Lost status | Source of classification or shelving scheme | Damaged status | Not for loan | Collection code | Home library | Current library | Date acquired | Source of acquisition | Total Checkouts | Full call number | Barcode | Date last seen | Price effective from | Koha item type |
|---|---|---|---|---|---|---|---|---|---|---|---|---|---|---|---|
| Dewey Decimal Classification | Colección General | Biblioteca Pública Metropolitana Salomé Ureña | Biblioteca Pública Metropolitana Salomé Ureña | 08/28/2024 | Fondo de Cultura Económica | BPMSU CG M861.6 P792a 2007 | BPMSU24080046 | 08/28/2024 | 08/28/2024 | Libros |